Cognitive neuroscience : (Record no. 7274)

MARC details
000 -LEADER
fixed length control field 00671nam a22002057a 4500
003 - CONTROL NUMBER IDENTIFIER
control field OSt
005 - DATE AND TIME OF LATEST TRANSACTION
control field 20260112035521.0
008 - FIXED-LENGTH DATA ELEMENTS--GENERAL INFORMATION
fixed length control field 260112b |||||||| |||| 00| 0 eng d
020 ## - INTERNATIONAL STANDARD BOOK NUMBER
International Standard Book Number 0-393-97219-4.
040 ## - CATALOGING SOURCE
Original cataloging agency DWCL-Main lib.
Transcribing agency OC
082 ## - DEWEY DECIMAL CLASSIFICATION NUMBER
Classification number Circ. 153 G259c 1998
100 ## - MAIN ENTRY--PERSONAL NAME
Personal name Gazzaniga, Michael S.
245 ## - TITLE STATEMENT
Title Cognitive neuroscience :
Remainder of title the biology of the mind/
Statement of responsibility, etc. Michael S. Gazzaniga
260 ## - PUBLICATION, DISTRIBUTION, ETC.
Place of publication, distribution, etc. N. Y. :
Name of publisher, distributor, etc. W. W. Norton & Co.,
Date of publication, distribution, etc. c1998.
300 ## - PHYSICAL DESCRIPTION
Extent xv, (various pagings) :
Other physical details illustrations ;
Dimensions 28 centimeter.
650 ## - SUBJECT ADDED ENTRY--TOPICAL TERM
Topical term or geographic name entry element 1. Cognitive Neuroscience.
700 ## - ADDED ENTRY--PERSONAL NAME
Personal name Ivry, Richard B.
700 ## - ADDED ENTRY--PERSONAL NAME
Dates associated with a name Mangun, George R.
942 ## - ADDED ENTRY ELEMENTS (KOHA)
Source of classification or shelving scheme Dewey Decimal Classification
Koha item type Book Circulation
Classification part Circ.
Suppress in OPAC No
952 ## - LOCATION AND ITEM INFORMATION (KOHA)
--
Holdings
Withdrawn status Lost status Source of classification or shelving scheme Damaged status Not for loan Home library Current library Shelving location Date acquired Cost, normal purchase price Total Checkouts Full call number Barcode Date last seen Copy number Price effective from Koha item type Uniform Resource Identifier
    Dewey Decimal Classification     College Library HM & Nursing Library Circulation 01/12/2026 0.00   Circ. 153 G259c 1998 CL40899 01/12/2026 c1 01/12/2026 BK-CIRC